Southville International School and Colleges
Your cart is empty.
  • Cart
  • Lists
    Public lists list_1 View all
    Your lists Log in to create your own lists
  • Log in to your account
  • Your cookies
  • Search history
Southville International School and Colleges
  • Advanced search
  • Recent comments
  • Most popular
  • Libraries

Log in to your account

Log in with GOOGLE


If you do not have an external account, but do have a local account, you can still log in:

  1. Home
  2. MARC view: Firewalls :
Normal view MARC view ISBD view

Firewalls : (Record no. 300895)

[ view plain ]
MARC details
000 -LEADER
fixed length control field 00644nam a2200229Ia 4500
008 - FIXED-LENGTH DATA ELEMENTS--GENERAL INFORMATION
fixed length control field 160901s9999 xx 000 0 und d
020 ## - INTERNATIONAL STANDARD BOOK NUMBER
International Standard Book Number 1-55558-297-4
050 ## - LIBRARY OF CONGRESS CALL NUMBER
Classification number ComSc TK 5105.59
050 ## - LIBRARY OF CONGRESS CALL NUMBER
Item number .V33 2005
100 ## - MAIN ENTRY--PERSONAL NAME
Personal name Vacca, John R.
245 ## - TITLE STATEMENT
Title Firewalls :
245 ## - TITLE STATEMENT
Remainder of title jumpstart for network and systems administrators /
245 ## - TITLE STATEMENT
Statement of responsibility, etc John R. Vacca. Scott R. Ellis.
260 ## - PUBLICATION, DISTRIBUTION, ETC. (IMPRINT)
Place of publication, distribution, etc Amsterdam :
260 ## - PUBLICATION, DISTRIBUTION, ETC. (IMPRINT)
Name of publisher, distributor, etc Elsevier Dig. Press.,
260 ## - PUBLICATION, DISTRIBUTION, ETC. (IMPRINT)
Date of publication, distribution, etc 2005
300 ## - PHYSICAL DESCRIPTION
Extent 418 pages :
300 ## - PHYSICAL DESCRIPTION
Other physical details ill. ;
300 ## - PHYSICAL DESCRIPTION
Dimensions 24 cm.
500 ## - GENERAL NOTE
General note Includes bibliographical references and index.
650 ## - SUBJECT ADDED ENTRY--TOPICAL TERM
Topical term or geographic name as entry element Firewalls (Computer security).
Holdings
Withdrawn status Lost status Damaged status Home library Current library Shelving location Date acquired Cost, normal purchase price Total Checkouts Full call number Barcode Date last seen Price effective from Koha item type
      South Mansfield College South Mansfield College   09/13/2005 4.00   ComSc TK 5105.59 .V33 2005 SMC02789 09/01/2016 09/01/2016  

Firewalls :

APA

Vacca J. R., .Firewalls. Amsterdam: .

Chicago

Vacca John R, .Firewalls. Amsterdam: .

Harvard

Vacca J. R., .Firewalls. Amsterdam: .

MLA

Vacca John R, .Amsterdam: . .

  • Place hold
  • Print
  • Cite
  • Add to your cart (remove)
  • Save record
    BIBTEX Dublin Core MARCXML MARC (non-Unicode/MARC-8) MARC (Unicode/UTF-8) MARC (Unicode/UTF-8, Standard) MODS (XML) RIS
  • More searches
    Search for this title in:
    Other Libraries (WorldCat) Other Databases (Google Scholar) Online Stores (Bookfinder.com) Open Library (openlibrary.org)

Exporting to Dublin Core...

SOUTHVILLE LIBRARY

Southville International School and Colleges Library

1281 Tropical Ave. Cor. Luxembourg St., BF Homes International, Las Pinas City

Tel. No. 8256374 / 252358 Loc. 117/146

Powered by Koha